| 000 | 00390nam a2200169Ia 4500 | ||
|---|---|---|---|
| 003 | IT-RoPAU | ||
| 008 | 120407s9999 xx 000 0 und d | ||
| 040 | _aIT-RoPAU | ||
| 040 | _cIT-RoPAU | ||
| 100 | _aMarco Roncalli | ||
| 245 | _aAlzati e vola - Comunità incontro nel mondo | ||
| 260 | _aSan Paolo Edizioni | ||
| 300 | _c cm | ||
| 490 | _v1 | ||
| 700 | _aMax Mandel | ||
| 942 | _cBK | ||
| 999 |
_c10565 _d10565 |
||